NFL Draft 2012 Quarterbacks Drafted - Statistics

General Stats
  • This quiz has been taken 20 times
  • The average score is 7 of 11
Answer Stats
Round Player Team College % Correct
1 Andrew Luck Colts Stanford
100%
3 Russell Wilson Seahawks Wisconsin
100%
1 Robert Griffin Redskins Baylor
88%
1 Ryan Tannehill Dolphins Texas A&M
88%
4 Kirk Cousins Redskins Michigan State
82%
1 Brandon Weeden Browns Oklahoma State
59%
3 Nick Foles Eagles Arizona
59%
2 Brock Osweiler Broncos Arizona State
41%
6 Ryan Lindley Cardinals San Diego State
18%
7 B.J. Coleman Packers Tennessee-Chattanooga
12%
7 Chandler Harnish Colts Northern Illinois
12%
No matching quizzes found
Score Distribution
Percent of People with Each Score
Percentile by Number Answered
Your Score History
You have not taken this quiz